[Event "MPJBiS 2020"]
[Site "?"]
[Date "2020.08.30"]
[Round "12.11"]
[White "Derejczyk, Mateusz"]
[Black "Zielonka, Adam"]
[Result "1-0"]
[BlackElo "1438"]
[WhiteElo "1479"]
[LiveChessVersion "1.4.8"]

1. e4 {[%clk 0:03:03]} c5 {[%clk 0:03:03]} 2. Nf3 {[%clk 0:03:04]} e6
{[%clk 0:03:05]} 3. d4 {[%clk 0:03:06]} cxd4 {[%clk 0:03:05]} 4. Nxd4
{[%clk 0:03:06]} Nc6 {[%clk 0:03:06]} 5. Nc3 {[%clk 0:03:07]} a6 {[%clk 0:03:07]}
6. Bf4 {[%clk 0:03:02]} d6 {[%clk 0:02:47]} 7. Bg3 {[%clk 0:02:58]} Nf6
{[%clk 0:02:43]} 8. Nxc6 {[%clk 0:02:58]} bxc6 {[%clk 0:02:43]} 9. e5
{[%clk 0:02:59]} Nd5 {[%clk 0:02:39]} 10. Nxd5 {[%clk 0:02:59]} cxd5
{[%clk 0:02:39]} 11. exd6 {[%clk 0:02:51]} Bxd6 {[%clk 0:02:40]} 12. Bxd6
{[%clk 0:02:40]} Qxd6 {[%clk 0:02:40]} 13. Bd3 {[%clk 0:02:28]} Qb4+
{[%clk 0:02:28]} 14. c3 {[%clk 0:02:28]} Qxb2 {[%clk 0:02:25]} 15. O-O
{[%clk 0:01:58]} Qxc3 {[%clk 0:01:58]} 16. Rc1 {[%clk 0:01:57]} Qf6
{[%clk 0:01:57]} 17. Qa4+ {[%clk 0:01:41]} Bd7 {[%clk 0:01:56]} 18. Qa3
{[%clk 0:01:39]} Qe7 {[%clk 0:01:56]} 19. Qa5 {[%clk 0:01:31]} O-O
{[%clk 0:01:37]} 20. Rc7 {[%clk 0:01:32]} Qd6 {[%clk 0:01:34]} 21. Rfc1
{[%clk 0:01:28]} Bb5 {[%clk 0:01:26]} 22. Bxb5 {[%clk 0:01:18]} axb5
{[%clk 0:01:27]} 23. Qxb5 {[%clk 0:01:19]} Rxa2 {[%clk 0:01:19]} 24. Rd7
{[%clk 0:01:13]} Qf4 {[%clk 0:01:13]} 25. Rf1 {[%clk 0:01:09]} Qa4
{[%clk 0:01:07]} 26. Qb7 {[%clk 0:00:37]} Ra1 {[%clk 0:01:01]} 27. g3
{[%clk 0:00:38]} Rxf1+ {[%clk 0:01:01]} 28. Kxf1 {[%clk 0:00:38]} Qc4+
{[%clk 0:00:52]} 29. Kg2 {[%clk 0:00:37]} g6 {[%clk 0:00:50]} 30. Rc7
{[%clk 0:00:32]} Qe4+ {[%clk 0:00:44]} 31. Kg1 {[%clk 0:00:33]} Qf5
{[%clk 0:00:40]} 32. h4 {[%clk 0:00:20]} h5 {[%clk 0:00:37]} 33. Rd7
{[%clk 0:00:16]} Qc2 {[%clk 0:00:29]} 34. Rc7 {[%clk 0:00:16]} Qd1+
{[%clk 0:00:26]} 35. Kg2 {[%clk 0:00:18]} d4 {[%clk 0:00:22]} 36. Rd7
{[%clk 0:00:17]} e5 {[%clk 0:00:16]} 37. Qe4 {[%clk 0:00:14]} Qb3
{[%clk 0:00:05]} 38. Qxe5 {[%clk 0:00:11]} d3 {[%clk 0:00:05]} 39. Qe3
{[%clk 0:00:08]} 1-0

[Event "MPJBiS 2020"]
[Site "?"]
[Date "2020.08.30"]
[Round "13.1"]
[White "Krawczyk, Flawian"]
[Black "Raczek, Krzysztof"]
[Result "1-0"]
[BlackElo "1720"]
[WhiteElo "1639"]
[LiveChessVersion "1.4.8"]

1. e4 c5 2. Nf3 e6 3. d4 cxd4 4. Nxd4 Nf6 5. Nc3 d6 6. g3 Nc6 7. Bg2 Bd7 8. O-O
Be7 9. Be3 O-O 10. f4 Nxd4 11. Bxd4 a6 12. Be3 Bc6 13. g4 d5 14. e5 Ne4 15. Nxe4
dxe4 16. Qe2 Qc7 17. b3 Rfd8 18. Kh1 Bb4 19. c4 Rd3 20. Rad1 Rad8 21. h3 Qd7 22.
Rxd3 Qxd3 23. Qf2 Bc3 24. f5 exf5 25. Qxf5 Qd7 26. Qf4 Qe6 27. Qf5 Bxe5 28. Qxe6
fxe6 29. Bf4 Bxf4 30. Rxf4 Rd1+ 1-0

[Event "MPJBiS 2020"]
[Site "?"]
[Date "2020.08.30"]
[Round "13.2"]
[White "Seemann, Jakub"]
[Black "Wierzbicki, Dawid"]
[Result "0-1"]
[BlackElo "1550"]
[WhiteElo "1811"]
[LiveChessVersion "1.4.8"]

1. d4 {[%clk 0:03:03]} e6 {[%clk 0:03:03]} 2. c4 {[%clk 0:03:04]} b6
{[%clk 0:03:04]} 3. Nf3 {[%clk 0:03:03]} Bb7 {[%clk 0:03:06]} 4. g3
{[%clk 0:03:05]} f5 {[%clk 0:03:07]} 5. Bg2 {[%clk 0:03:06]} Nf6 {[%clk 0:03:07]}
6. O-O {[%clk 0:03:07]} Be7 {[%clk 0:03:08]} 7. Nc3 {[%clk 0:03:01]} O-O
{[%clk 0:03:05]} 8. Qc2 {[%clk 0:02:59]} Ne4 {[%clk 0:03:05]} 9. Ne1
{[%clk 0:02:42]} d5 {[%clk 0:02:51]} 10. cxd5 {[%clk 0:02:40]} exd5
{[%clk 0:02:49]} 11. f3 {[%clk 0:02:28]} Nxc3 {[%clk 0:02:49]} 12. Qxc3
{[%clk 0:02:26]} Nd7 {[%clk 0:02:49]} 13. Nd3 {[%clk 0:02:26]} Nf6
{[%clk 0:02:46]} 14. Ne5 {[%clk 0:02:19]} c5 {[%clk 0:02:46]} 15. Kh1
{[%clk 0:01:59]} Rc8 {[%clk 0:02:41]} 16. Bf4 {[%clk 0:01:55]} Nh5
{[%clk 0:02:15]} 17. Bd2 {[%clk 0:01:27]} cxd4 {[%clk 0:02:08]} 18. Qxd4
{[%clk 0:01:26]} Bc5 {[%clk 0:02:06]} 19. Qd3 {[%clk 0:01:14]} Qd6
{[%clk 0:01:55]} 20. f4 {[%clk 0:00:39]} Nf6 {[%clk 0:01:56]} 21. Bc3
{[%clk 0:00:28]} Ne4 {[%clk 0:01:53]} 22. Bd4 {[%clk 0:00:28]} Bxd4
{[%clk 0:01:53]} 23. Qxd4 {[%clk 0:00:28]} Rc2 {[%clk 0:01:51]} 24. e3
{[%clk 0:00:23]} Rfc8 {[%clk 0:01:45]} 25. Bxe4 {[%clk 0:00:22]} fxe4
{[%clk 0:01:45]} 26. Rad1 {[%clk 0:00:13]} Qh6 {[%clk 0:01:42]} 27. Rd2
{[%clk 0:00:09]} Rc1 {[%clk 0:01:41]} 28. Rfd1 {[%clk 0:00:05]} Rxd1+
{[%clk 0:01:23]} 29. Rxd1 {[%clk 0:00:06]} Rc2 {[%clk 0:01:24]} 30. h4
{[%clk 0:00:07]} Qh5 {[%clk 0:01:21]} 31. Re1 {[%clk 0:00:07]} Qf5
{[%clk 0:01:16]} 32. g4 {[%clk 0:00:08]} Qf6 {[%clk 0:01:16]} 33. g5
{[%clk 0:00:03]} Qf5 {[%clk 0:01:16]} 0-1

[Event "MPJBiS 2020"]
[Site "?"]
[Date "2020.08.30"]
[Round "13.3"]
[White "Grzebieniowski, Michal"]
[Black "Nawalaniec, Adam"]
[Result "0-1"]
[BlackElo "1444"]
[WhiteElo "1472"]
[LiveChessVersion "1.4.8"]

1. d4 {[%clk 0:03:03]} c5 {[%clk 0:03:02]} 2. d5 {[%clk 0:03:03]} d6
{[%clk 0:03:02]} 3. c4 {[%clk 0:03:04]} e6 {[%clk 0:03:02]} 4. Nc3
{[%clk 0:03:04]} exd5 {[%clk 0:03:02]} 5. cxd5 {[%clk 0:03:05]} Nf6
{[%clk 0:02:57]} 6. Nf3 {[%clk 0:03:06]} Be7 {[%clk 0:02:58]} 7. g3
{[%clk 0:03:05]} O-O {[%clk 0:02:58]} 8. Bg2 {[%clk 0:03:06]} Nbd7
{[%clk 0:02:53]} 9. O-O {[%clk 0:03:05]} a6 {[%clk 0:02:52]} 10. a4
{[%clk 0:03:06]} b6 {[%clk 0:02:48]} 11. Nd2 {[%clk 0:03:06]} Bb7
{[%clk 0:02:49]} 12. Nc4 {[%clk 0:03:05]} Re8 {[%clk 0:02:14]} 13. e4
{[%clk 0:03:03]} Ne5 {[%clk 0:02:12]} 14. Na3 {[%clk 0:02:56]} b5
{[%clk 0:01:54]} 15. axb5 {[%clk 0:02:46]} axb5 {[%clk 0:01:55]} 16. Ncxb5
{[%clk 0:02:47]} Ba6 {[%clk 0:01:56]} 17. Bf4 {[%clk 0:02:39]} Qb6
{[%clk 0:01:50]} 18. Bxe5 {[%clk 0:02:32]} dxe5 {[%clk 0:01:51]} 19. Nc3
{[%clk 0:01:09]} Bxf1 {[%clk 0:01:50]} 20. Qxf1 {[%clk 0:01:07]} Qxb2
{[%clk 0:01:46]} 21. Ncb5 {[%clk 0:01:07]} Reb8 {[%clk 0:01:27]} 22. Rb1
{[%clk 0:00:58]} Qa2 {[%clk 0:01:25]} 23. Ra1 {[%clk 0:00:59]} Qb3
{[%clk 0:01:25]} 24. Rb1 {[%clk 0:01:00]} Qa4 {[%clk 0:01:25]} 25. f4
{[%clk 0:00:47]} exf4 {[%clk 0:01:14]} 26. Qxf4 {[%clk 0:00:43]} Ne8
{[%clk 0:00:33]} 27. Qf1 {[%clk 0:00:24]} c4 {[%clk 0:00:28]} 28. Qxc4
{[%clk 0:00:20]} Bxa3 {[%clk 0:00:23]} 29. Qd3 {[%clk 0:00:13]} Bc5+
{[%clk 0:00:20]} 30. Kh1 {[%clk 0:00:13]} Rb6 {[%clk 0:00:18]} 31. e5
{[%clk 0:00:07]} Rab8 {[%clk 0:00:16]} 32. d6 {[%clk 0:00:04]} Rxb5
{[%clk 0:00:17]} 33. Rxb5 {[%clk 0:00:00]} 0-1

[Event "MPJBiS 2020"]
[Site "?"]
[Date "2020.08.30"]
[Round "13.4"]
[White "Wandor, Adam"]
[Black "Warchol, Kamil"]
[Result "0-1"]
[BlackElo "1690"]
[WhiteElo "1099"]
[LiveChessVersion "1.4.8"]

1. d4 {[%clk 0:03:02]} d5 {[%clk 0:03:04]} 2. c4 {[%clk 0:03:03]} dxc4
{[%clk 0:03:05]} 3. Nc3 {[%clk 0:03:04]} c5 {[%clk 0:03:05]} 4. e3
{[%clk 0:03:02]} cxd4 {[%clk 0:03:06]} 5. exd4 {[%clk 0:03:03]} Nf6
{[%clk 0:03:07]} 6. Bxc4 {[%clk 0:03:02]} e6 {[%clk 0:03:09]} 7. Nf3
{[%clk 0:03:00]} Nc6 {[%clk 0:03:10]} 8. Be3 {[%clk 0:03:00]} Be7
{[%clk 0:03:08]} 9. O-O {[%clk 0:03:00]} Nb4 {[%clk 0:03:08]} 10. Qa4+
{[%clk 0:02:54]} Bd7 {[%clk 0:03:06]} 11. Qb3 {[%clk 0:02:48]} Bc6
{[%clk 0:03:01]} 12. Ne5 {[%clk 0:02:39]} O-O {[%clk 0:02:40]} 13. a3
{[%clk 0:02:33]} Nbd5 {[%clk 0:02:41]} 14. Nxd5 {[%clk 0:02:17]} Nxd5
{[%clk 0:02:37]} 15. Nxc6 {[%clk 0:02:14]} bxc6 {[%clk 0:02:37]} 16. Bxd5
{[%clk 0:02:05]} cxd5 {[%clk 0:02:39]} 17. Rab1 {[%clk 0:02:02]} Qa5
{[%clk 0:02:30]} 18. Rfd1 {[%clk 0:01:57]} Rab8 {[%clk 0:02:24]} 19. Qc2
{[%clk 0:01:57]} Rfc8 {[%clk 0:02:24]} 20. Qd3 {[%clk 0:01:56]} Qa4
{[%clk 0:02:17]} 21. h3 {[%clk 0:01:49]} Bf6 {[%clk 0:02:10]} 22. Bf4
{[%clk 0:01:34]} Rb3 {[%clk 0:02:05]} 23. Qd2 {[%clk 0:01:28]} Rb6
{[%clk 0:01:44]} 24. Rdc1 {[%clk 0:01:22]} Rbc6 {[%clk 0:01:29]} 25. Rxc6
{[%clk 0:01:17]} Qxc6 {[%clk 0:01:30]} 26. Be3 {[%clk 0:01:14]} h6
{[%clk 0:01:23]} 27. Rd1 {[%clk 0:01:05]} Qa4 {[%clk 0:01:18]} 28. Qd3
{[%clk 0:00:46]} Rc2 {[%clk 0:01:00]} 29. Rd2 {[%clk 0:00:45]} Rc1+
{[%clk 0:00:49]} 30. Rd1 {[%clk 0:00:45]} Rxd1+ {[%clk 0:00:50]} 0-1

[Event "MPJBiS 2020"]
[Site "?"]
[Date "2020.08.30"]
[Round "13.5"]
[White "Grot, Blazej"]
[Black "Musial, Igor"]
[Result "1/2-1/2"]
[BlackElo "1758"]
[WhiteElo "1557"]
[LiveChessVersion "1.4.8"]

1. e4 c5 2. Nf3 d6 3. d4 cxd4 4. Nxd4 Nf6 5. Nc3 Nc6 6. Bg5 e6 7. Qd2 a6 8. O-O-O
Bd7 9. Nxc6 Bxc6 10. Qe1 Be7 11. e5 Nd5 12. Bxe7 Qxe7 13. Nxd5 Bxd5 14. c4 Rc8
15. Kb1 Bc6 16. Rxd6 O-O 17. f4 Qc7 18. Bd3 Rfd8 19. Rxd8+ Rxd8 20. Qc3 Qd7 21.
Rd1 Be4 22. Kc2 g6 23. g3 b5 24. Rd2 Bc6 25. c5 Bd5 26. a3 Rc8 27. b4 Rd8 28. Kb2
Be4 29. Kc2 Bd5 1/2-1/2

[Event "MPJBiS 2020"]
[Site "?"]
[Date "2020.08.30"]
[Round "13.6"]
[White "Jaworski, Tymon"]
[Black "Dobosiewicz, Dawid"]
[Result "1/2-1/2"]
[BlackElo "1469"]
[WhiteElo "1559"]
[LiveChessVersion "1.4.8"]

1. e4 {[%clk 0:03:02]} c5 {[%clk 0:03:04]} 2. Nf3 {[%clk 0:03:03]} e6
{[%clk 0:03:05]} 3. g3 {[%clk 0:03:04]} Nc6 {[%clk 0:03:04]} 4. Bg2
{[%clk 0:03:04]} g6 {[%clk 0:03:05]} 5. O-O {[%clk 0:03:04]} Bg7 {[%clk 0:03:05]}
6. c3 {[%clk 0:02:58]} d5 {[%clk 0:03:01]} 7. exd5 {[%clk 0:02:46]} exd5
{[%clk 0:03:02]} 8. d4 {[%clk 0:02:43]} cxd4 {[%clk 0:02:54]} 9. Nxd4
{[%clk 0:02:42]} Nge7 {[%clk 0:02:51]} 10. Bf4 {[%clk 0:02:23]} Nxd4
{[%clk 0:02:42]} 11. cxd4 {[%clk 0:02:24]} Qb6 {[%clk 0:02:44]} 12. Nc3
{[%clk 0:01:51]} Qxd4 {[%clk 0:02:39]} 13. Nxd5 {[%clk 0:01:20]} Nxd5
{[%clk 0:02:35]} 14. Bxd5 {[%clk 0:01:01]} Qxd1 {[%clk 0:02:15]} 15. Raxd1
{[%clk 0:00:57]} O-O {[%clk 0:02:15]} 16. Rd2 {[%clk 0:00:43]} Bh3
{[%clk 0:02:01]} 17. Bg2 {[%clk 0:00:23]} Bxg2 18. Kxg2 {[%clk 0:00:24]} Rad8
{[%clk 0:01:58]} 19. Rfd1 {[%clk 0:00:24]} Rxd2 {[%clk 0:01:53]} 20. Rxd2
{[%clk 0:00:26]} a5 {[%clk 0:01:49]} 21. b3 {[%clk 0:00:23]} h6 {[%clk 0:01:45]}
22. Rd7 {[%clk 0:00:21]} b5 {[%clk 0:01:35]} 23. Rd5 {[%clk 0:00:17]} Bc3
{[%clk 0:01:35]} 24. Rxb5 {[%clk 0:00:17]} g5 {[%clk 0:01:34]} 25. Be3
{[%clk 0:00:18]} Rc8 {[%clk 0:01:33]} 26. Rd5 {[%clk 0:00:18]} Bb4
{[%clk 0:01:32]} 27. Bd2 {[%clk 0:00:17]} Rc2 {[%clk 0:01:22]} 28. Bxb4
{[%clk 0:00:17]} axb4 {[%clk 0:01:23]} 29. Ra5 {[%clk 0:00:18]} Kf8
{[%clk 0:01:21]} 30. Ra4 {[%clk 0:00:19]} Ke7 {[%clk 0:01:21]} 31. Rxb4
{[%clk 0:00:20]} Rxa2 {[%clk 0:01:22]} 32. Rb7+ {[%clk 0:00:21]} Kf6
{[%clk 0:01:23]} 33. b4 {[%clk 0:00:21]} Rb2 {[%clk 0:01:23]} 34. Rb6+
{[%clk 0:00:21]} Kg7 {[%clk 0:01:24]} 35. Kf3 {[%clk 0:00:17]} f5
{[%clk 0:01:21]} 36. b5 {[%clk 0:00:15]} Rb3+ {[%clk 0:01:21]} 37. Kg2
{[%clk 0:00:16]} Kh7 {[%clk 0:01:21]} 38. Rb7+ {[%clk 0:00:12]} Kg8
{[%clk 0:01:22]} 39. b6 {[%clk 0:00:12]} Kh8 {[%clk 0:01:22]} 40. Rf7
{[%clk 0:00:05]} Kg8 {[%clk 0:01:20]} 41. Rf6 {[%clk 0:00:05]} Kg7
{[%clk 0:01:19]} 42. Rxf5 {[%clk 0:00:05]} Rxb6 {[%clk 0:01:20]} 43. h4
{[%clk 0:00:06]} Kg6 {[%clk 0:01:14]} 44. Ra5 {[%clk 0:00:03]} Re6
{[%clk 0:01:08]} 45. hxg5 {[%clk 0:00:04]} hxg5 {[%clk 0:01:08]} 46. g4
{[%clk 0:00:06]} Rd6 {[%clk 0:01:07]} 47. Kg3 {[%clk 0:00:06]} Rd3+
{[%clk 0:01:07]} 48. Kg2 {[%clk 0:00:08]} Rd6 {[%clk 0:01:08]} 49. Kf3
{[%clk 0:00:08]} Rd3+ {[%clk 0:01:01]} 50. Ke4 {[%clk 0:00:09]} Rd6
{[%clk 0:01:02]} 51. f3 {[%clk 0:00:10]} Re6+ {[%clk 0:01:02]} 52. Kd3
{[%clk 0:00:11]} Rf6 {[%clk 0:01:02]} 53. Ke3 {[%clk 0:00:11]} Re6+
{[%clk 0:01:03]} 54. Kf2 {[%clk 0:00:11]} Rc6 {[%clk 0:01:03]} 55. Rf5
{[%clk 0:00:11]} Rd6 {[%clk 0:01:02]} 56. Ke3 {[%clk 0:00:12]} Re6+
{[%clk 0:01:03]} 57. Kd4 {[%clk 0:00:13]} Rd6+ {[%clk 0:01:04]} 58. Ke5
{[%clk 0:00:14]} Rb6 {[%clk 0:01:05]} 59. f4 {[%clk 0:00:13]} gxf4
{[%clk 0:01:05]} 60. Kxf4 {[%clk 0:00:13]} Rc6 {[%clk 0:01:05]} 61. Ra5
{[%clk 0:00:12]} Rc4+ {[%clk 0:01:04]} 62. Kg3 {[%clk 0:00:13]} Rc6
{[%clk 0:01:04]} 63. Kh4 {[%clk 0:00:13]} Rb6 {[%clk 0:01:04]} 64. Rg5+
{[%clk 0:00:13]} Kh6 {[%clk 0:01:05]} 65. Rc5 {[%clk 0:00:13]} Rd6
{[%clk 0:01:04]} 66. Kg3 {[%clk 0:00:13]} Kg6 {[%clk 0:01:02]} 67. Kf3
{[%clk 0:00:13]} Rb6 {[%clk 0:01:02]} 68. Kf4 {[%clk 0:00:12]} Rf6+
{[%clk 0:01:00]} 69. Ke4 {[%clk 0:00:09]} Re6+ {[%clk 0:00:58]} 70. Kf4
{[%clk 0:00:10]} Rf6+ {[%clk 0:00:59]} 71. Kg3 {[%clk 0:00:09]} Rb6
{[%clk 0:01:00]} 72. Ra5 {[%clk 0:00:08]} Rb3+ {[%clk 0:00:59]} 73. Kh4
{[%clk 0:00:08]} Rb6 {[%clk 0:01:00]} 74. Ra4 {[%clk 0:00:09]} Rc6
{[%clk 0:01:00]} 75. Kg3 {[%clk 0:00:10]} Rc3+ {[%clk 0:01:00]} 76. Kf4
{[%clk 0:00:11]} Rc6 {[%clk 0:01:01]} 77. g5 {[%clk 0:00:09]} Rb6
{[%clk 0:01:01]} 78. Kg4 {[%clk 0:00:08]} Rc6 {[%clk 0:01:02]} 79. Rf4
{[%clk 0:00:06]} Rb6 {[%clk 0:01:03]} 80. Ra4 {[%clk 0:00:07]} Rc6
{[%clk 0:01:04]} 81. Ra5 {[%clk 0:00:07]} Rc4+ {[%clk 0:01:05]} 82. Kf3
{[%clk 0:00:06]} Rc6 {[%clk 0:01:05]} 83. Ke4 {[%clk 0:00:07]} Rb6
{[%clk 0:01:06]} 84. Kd4 {[%clk 0:00:08]} Rb4+ {[%clk 0:01:04]} 85. Ke3
{[%clk 0:00:08]} Rb6 {[%clk 0:01:05]} 86. Ke4 {[%clk 0:00:06]} Rb4+
{[%clk 0:01:05]} 87. Kf3 {[%clk 0:00:04]} Rb6 {[%clk 0:01:03]} 88. Kg4
{[%clk 0:00:05]} Rb4+ {[%clk 0:01:04]} 89. Kf3 {[%clk 0:00:06]} Rb6
{[%clk 0:01:04]} 90. Ke4 {[%clk 0:00:06]} Rb4+ {[%clk 0:01:05]} 91. Kd5
{[%clk 0:00:05]} Kxg5 {[%clk 0:01:01]} 92. Kc5 {[%clk 0:00:05]} Rf4
{[%clk 0:01:02]} 93. Kd6+ {[%clk 0:00:06]} Kg6 {[%clk 0:01:02]} 94. Re5
{[%clk 0:00:07]} 1/2-1/2

[Event "MPJBiS 2020"]
[Site "?"]
[Date "2020.08.30"]
[Round "13.7"]
[White "Bochniak, Franciszek"]
[Black "Komendecki, Antoni"]
[Result "0-1"]
[BlackElo "1366"]
[WhiteElo "1485"]
[LiveChessVersion "1.4.8"]

1. e4 c5 2. d4 cxd4 3. c3 g6 4. cxd4 d5 5. exd5 Nf6 6. Nc3 Nxd5 7. Nf3 Bg7 8. Bc4
Nb6 9. Bb3 O-O 10. O-O Bg4 11. Be3 Nc6 12. h3 Bxf3 13. Qxf3 Nxd4 14. Bxd4 Qxd4
15. Qxb7 Qd7 16. Qxd7 Nxd7 17. Rfe1 e6 18. Rad1 Nc5 19. Re3 Nxb3 20. axb3 Rab8
21. Na4 Rb4 22. Rd7 Rfb8 23. Rxa7 Bd4 24. Rc7 Bxe3 25. fxe3 Rxb3 26. Nc5 Rxb2 27.
Nd7 R2b7 28. Nxb8 Rxc7 29. Na6 Rc2 30. Nb4 Re2 31. Kf1 Rxe3 32. Kf2 Rb3 33. Nc6
Kg7 34. Nd4 Ra3 35. g4 Rxh3 36. Kg2 Rd3 37. Ne2 Rd2 38. Kf3 Rxe2 39. Kxe2 Kf6 40.
Kf3 Kg5 41. Kg3 h5 0-1

[Event "MPJBiS 2020"]
[Site "?"]
[Date "2020.08.30"]
[Round "13.8"]
[White "Derejczyk, Mateusz"]
[Black "Merecki, Antoni"]
[Result "0-1"]
[BlackElo "1332"]
[WhiteElo "1479"]
[LiveChessVersion "1.4.8"]

1. e4 {[%clk 0:03:03]} e6 {[%clk 0:03:03]} 2. d4 {[%clk 0:03:04]} d5
{[%clk 0:03:04]} 3. exd5 {[%clk 0:03:05]} exd5 {[%clk 0:03:04]} 4. c4
{[%clk 0:03:06]} Bb4+ {[%clk 0:02:56]} 5. Nc3 {[%clk 0:03:05]} Nf6
{[%clk 0:02:56]} 6. Bg5 {[%clk 0:03:04]} O-O {[%clk 0:02:52]} 7. Be2
{[%clk 0:03:00]} dxc4 {[%clk 0:02:48]} 8. Bxc4 {[%clk 0:02:59]} Re8+
{[%clk 0:02:49]} 9. Nge2 {[%clk 0:03:00]} Nbd7 {[%clk 0:02:34]} 10. O-O
{[%clk 0:02:58]} Nb6 {[%clk 0:02:35]} 11. Qb3 {[%clk 0:02:46]} Nxc4
{[%clk 0:02:19]} 12. Qxc4 {[%clk 0:02:42]} Bd6 {[%clk 0:02:14]} 13. Rfe1
{[%clk 0:02:25]} Bxh2+ {[%clk 0:02:10]} 14. Kh1 {[%clk 0:02:13]} Bd6
{[%clk 0:02:08]} 15. Nd5 {[%clk 0:02:07]} Be6 {[%clk 0:01:51]} 16. Nec3
{[%clk 0:01:43]} c6 {[%clk 0:01:32]} 17. Nxf6+ {[%clk 0:01:22]} gxf6
{[%clk 0:01:33]} 18. Rxe6 {[%clk 0:01:04]} Rxe6 {[%clk 0:01:16]} 19. Be3
{[%clk 0:00:43]} Qa5 {[%clk 0:01:04]} 20. Qe2 {[%clk 0:00:33]} f5
{[%clk 0:00:46]} 21. Qh5 {[%clk 0:00:24]} Rg6 {[%clk 0:00:17]} 22. g3
{[%clk 0:00:17]} Bb4 {[%clk 0:00:14]} 23. Ne2 {[%clk 0:00:17]} Bf8
{[%clk 0:00:13]} 24. Nf4 {[%clk 0:00:13]} Rh6 {[%clk 0:00:15]} 25. Qxh6
{[%clk 0:00:08]} Bxh6 {[%clk 0:00:16]} 26. a3 {[%clk 0:00:07]} Bxf4
{[%clk 0:00:16]} 27. Bxf4 {[%clk 0:00:08]} Qd5+ {[%clk 0:00:18]} 28. Kg1
{[%clk 0:00:08]} Qxd4 {[%clk 0:00:19]} 29. Rb1 {[%clk 0:00:08]} Rd8
{[%clk 0:00:19]} 30. Be3 {[%clk 0:00:08]} Qe4 {[%clk 0:00:21]} 31. Re1
{[%clk 0:00:06]} Qc2 {[%clk 0:00:19]} 32. b4 {[%clk 0:00:05]} Rd1
{[%clk 0:00:20]} 33. Rxd1 {[%clk 0:00:05]} Qxd1+ {[%clk 0:00:21]} 34. Kg2
{[%clk 0:00:06]} Qd5+ {[%clk 0:00:21]} 35. Kg1 {[%clk 0:00:07]} a6
{[%clk 0:00:22]} 36. Kh2 {[%clk 0:00:07]} Qb3 {[%clk 0:00:23]} 37. a4
{[%clk 0:00:08]} Qxb4 {[%clk 0:00:23]} 38. a5 {[%clk 0:00:08]} Qxa5
{[%clk 0:00:25]} 39. Kg2 {[%clk 0:00:09]} Qd5+ {[%clk 0:00:26]} 40. Kh2
{[%clk 0:00:10]} Kg7 {[%clk 0:00:26]} 41. Kh3 {[%clk 0:00:10]} c5
{[%clk 0:00:27]} 42. Kh4 {[%clk 0:00:11]} c4 {[%clk 0:00:27]} 43. g4
{[%clk 0:00:12]} fxg4 {[%clk 0:00:26]} 44. f3 {[%clk 0:00:10]} Qxf3
{[%clk 0:00:22]} 45. Bh6+ {[%clk 0:00:10]} Kg6 {[%clk 0:00:20]} 46. Bf4
{[%clk 0:00:07]} Qh3# {[%clk 0:00:21]} 0-1

[Event "MPJBiS 2020"]
[Site "?"]
[Date "2020.08.30"]
[Round "13.9"]
[White "Zieba, Hubert"]
[Black "Jozwik, Michal"]
[Result "1-0"]
[BlackElo "1254"]
[WhiteElo "1466"]
[LiveChessVersion "1.4.8"]

1. c4 {[%clk 0:03:03]} e5 {[%clk 0:03:02]} 2. Nc3 {[%clk 0:03:04]} Nf6
{[%clk 0:03:02]} 3. g3 {[%clk 0:03:05]} Bb4 {[%clk 0:03:01]} 4. Bg2
{[%clk 0:03:06]} Bxc3 {[%clk 0:03:00]} 5. bxc3 {[%clk 0:03:06]} d6
{[%clk 0:02:59]} 6. Nf3 {[%clk 0:03:05]} O-O {[%clk 0:02:59]} 7. O-O
{[%clk 0:03:05]} Bg4 {[%clk 0:02:58]} 8. d4 {[%clk 0:03:04]} Bxf3
{[%clk 0:02:58]} 9. Bxf3 {[%clk 0:03:04]} c6 {[%clk 0:02:52]} 10. Ba3
{[%clk 0:03:00]} Re8 {[%clk 0:02:43]} 11. Rb1 {[%clk 0:02:59]} Qc7
{[%clk 0:02:38]} 12. Qb3 {[%clk 0:02:55]} b6 {[%clk 0:02:33]} 13. Rfd1
{[%clk 0:02:51]} Nbd7 {[%clk 0:02:29]} 14. dxe5 {[%clk 0:02:47]} dxe5
{[%clk 0:02:25]} 15. Rd6 {[%clk 0:02:33]} e4 {[%clk 0:02:21]} 16. Bg2
{[%clk 0:02:33]} c5 {[%clk 0:02:18]} 17. Rbd1 {[%clk 0:02:33]} Rad8
{[%clk 0:02:05]} 18. Qc2 {[%clk 0:02:33]} Ne5 {[%clk 0:01:43]} 19. Rxd8
{[%clk 0:02:12]} Rxd8 {[%clk 0:01:44]} 20. Rxd8+ {[%clk 0:02:12]} Qxd8
{[%clk 0:01:45]} 21. Bxe4 {[%clk 0:02:07]} Nxc4 {[%clk 0:01:44]} 22. Bc1
{[%clk 0:02:07]} h6 {[%clk 0:01:24]} 23. Bd3 {[%clk 0:01:55]} Ne5
{[%clk 0:01:16]} 24. Bf4 {[%clk 0:01:35]} Nxd3 {[%clk 0:01:13]} 25. exd3
{[%clk 0:01:36]} Qe7 {[%clk 0:01:07]} 26. Qd2 {[%clk 0:01:32]} Qe6
{[%clk 0:01:05]} 27. d4 {[%clk 0:01:12]} cxd4 {[%clk 0:01:01]} 28. cxd4
{[%clk 0:01:12]} Nd5 {[%clk 0:00:59]} 29. Be3 {[%clk 0:00:58]} Qe4
{[%clk 0:00:55]} 30. Qc1 {[%clk 0:00:39]} Qe6 {[%clk 0:00:41]} 31. Qd2
{[%clk 0:00:34]} Qe4 {[%clk 0:00:32]} 32. Bf4 {[%clk 0:00:28]} Nxf4
{[%clk 0:00:26]} 33. gxf4 {[%clk 0:00:29]} Qb1+ {[%clk 0:00:22]} 34. Kg2
{[%clk 0:00:28]} Qe4+ {[%clk 0:00:22]} 35. f3 {[%clk 0:00:27]} Qd5
{[%clk 0:00:21]} 36. Kf2 {[%clk 0:00:27]} f6 {[%clk 0:00:19]} 37. Qb2
{[%clk 0:00:18]} Kf8 {[%clk 0:00:18]} 38. Qb4+ {[%clk 0:00:18]} Ke8
{[%clk 0:00:18]} 39. Qd2 {[%clk 0:00:18]} Kd7 {[%clk 0:00:17]} 40. Kg3
{[%clk 0:00:17]} Kd6 {[%clk 0:00:16]} 41. Qb4+ {[%clk 0:00:16]} Kd7
{[%clk 0:00:16]} 42. Qa4+ {[%clk 0:00:17]} Qc6 {[%clk 0:00:16]} 43. Qxa7+
{[%clk 0:00:18]} Qc7 {[%clk 0:00:15]} 44. Qxc7+ {[%clk 0:00:14]} Kxc7
{[%clk 0:00:16]} 45. Kf2 {[%clk 0:00:15]} Kd6 {[%clk 0:00:18]} 46. Ke3
{[%clk 0:00:16]} Kd5 {[%clk 0:00:19]} 47. f5 {[%clk 0:00:15]} h5 {[%clk 0:00:17]}
48. h4 {[%clk 0:00:14]} b5 {[%clk 0:00:15]} 49. Kd3 {[%clk 0:00:11]} b4
{[%clk 0:00:15]} 50. f4 Kd6 51. Kc4 {[%clk 0:00:12]} Kc6 {[%clk 0:00:09]} 52.
Kxb4 {[%clk 0:00:13]} Kd5 {[%clk 0:00:11]} 53. Kc3 {[%clk 0:00:14]} Ke4
{[%clk 0:00:11]} 54. a4 {[%clk 0:00:15]} Kxf5 55. a5 Kxf4 {[%clk 0:00:10]} 56. a6
{[%clk 0:00:18]} Kg3 {[%clk 0:00:10]} 57. a7 {[%clk 0:00:19]} f5 {[%clk 0:00:11]}
58. a8=Q {[%clk 0:00:20]} f4 {[%clk 0:00:11]} 59. Qh1 {[%clk 0:00:20]} f3
{[%clk 0:00:12]} 60. Kd3 {[%clk 0:00:20]} f2 {[%clk 0:00:08]} 61. Ke3
{[%clk 0:00:21]} g5 {[%clk 0:00:06]} 62. hxg5 {[%clk 0:00:21]} h4
{[%clk 0:00:07]} 63. Qf1 {[%clk 0:00:21]} h3 {[%clk 0:00:06]} 64. Qxf2+
{[%clk 0:00:22]} Kg4 {[%clk 0:00:07]} 65. Qh2 {[%clk 0:00:22]} Kxg5
{[%clk 0:00:06]} 66. Qxh3 {[%clk 0:00:23]} Kf6 {[%clk 0:00:07]} 67. Qh5 Ke7 68.
Ke4 {[%clk 0:00:21]} Kd6 {[%clk 0:00:09]} 69. Qh6+ 1-0